| 000 | 00799cam a22002413a 4500 | ||
|---|---|---|---|
| 001 | 22103 | ||
| 003 | PGUSA | ||
| 005 | 20140828083454.0 | ||
| 008 | 070719s2007||||xxu|||||s|||||000 | eng d | ||
| 040 |
_aPGUSA _beng |
||
| 042 | _adc | ||
| 050 | 4 | _aD501 | |
| 245 | 1 | 0 |
_aWith a Highland Regiment in Mesopotamia : _b1916—1917 _h[electronic resource] / _cAnonymous |
| 260 |
_bProject Gutenberg, _c2007 |
||
| 506 | _aPublic domain in the USA. | ||
| 516 | _aElectronic text | ||
| 653 | _aWorld War, 1914-1918 -- Campaigns -- Iraq | ||
| 653 | _aGreat Britain. Army. Black Watch (Royal Highlanders). Battalion, 2nd | ||
| 653 | _aWorld War, 1914-1918 -- Regimental histories -- Great Britain | ||
| 830 | 0 |
_aProject Gutenberg _v22103 |
|
| 856 | 4 | 0 | _uhttp://www.gutenberg.org/ebooks/22103 |
| 942 | _cEB | ||
| 999 |
_c251358 _d251358 |
||